Станции метро Красной линии Санкт-Петербурга - Statistics

General Stats
  • This quiz has been taken 44 times
  • The average score is 16 of 19
Answer Stats
Answer % Correct
Девяткино
93%
Лесная
93%
Автово
91%
Проспект Ветеранов
91%
Академическая
89%
Технологический институт
89%
Политехническая
86%
Балтийская
86%
Площадь Мужества
84%
Площадь Ленина
84%
Владимирская
84%
Пушкинская
84%
Гражданский проспект
82%
Площадь Восстания
82%
Кировский завод
82%
Чернышевская
80%
Нарвская
77%
Ленинский проспект
77%
Выборгская
75%
No matching quizzes found
Score Distribution
Percent of People with Each Score
Percentile by Number Answered
Your Score History
You have not taken this quiz